|
|
|
|
| LEADER |
00000cam a2200000 7i4500 |
| 001 |
0000001036 |
| 005 |
20131212.0 |
| 020 |
0 |
0 |
|a 9798316223
|
| 090 |
0 |
0 |
|a R580
|b PLA 1995
|
| 245 |
0 |
0 |
|a PLANT resources of South-East Asia :
|b Bibliography 8 : Vegetables - Part 1
|c editors, Sarkat Danimihardja and M. H. van den Bergh
|
| 250 |
0 |
0 |
|a 1st ed.
|
| 260 |
0 |
0 |
|a Bogor, Indonesia :
|b PROSEA ,
|c 1995
|
| 300 |
|
|
|a 375 p. ;
|c 26 cm.
|
| 650 |
0 |
0 |
|a Vegetables
|x Bibliography
|
| 700 |
0 |
1 |
|a Danimihardja
|h Sarkat
|
| 700 |
0 |
1 |
|a van den Bergh
|h M. H.
|
| 998 |
|
|
|a JPSM
|
| 999 |
|
|
|a 0000002535
|b Monograph
|c Reference
|e Default branch
|